000 00279nam a2200109Ia 4500
008 200302s9999 xx 000 0 und d
100 _aAlex Sanchez Vidiella
245 _aStep OutSide Urban Terraces & Balconies
260 _bLoft Publishing
260 _c2009
300 _a215 P.,
999 _c3030
_d3030